Digital Twin for Production of an Industrial Paper Impregnation Process

Saved in:
Bibliographic Details
Main Author: Čižmár, Martin (Author)
Other Authors: Variny, Miroslav (Thesis advisor)
Format: Manuscript Book
Language:Slovak
English
Published: 2024
Subjects:
Online Access:http://is.stuba.sk/zp/portal_zp.pl?podrobnosti=177897
Tags: Add Tag
No Tags, Be the first to tag this record!

MARC

LEADER 00000ntm a22000003a 4500
001 stuzp99217
003 SK-STU
005 20240601210528.3
007 ta
008 150427s2015----xo-----f-mn---000-0-slo-d
040 |a STU  |b slo 
041 0 |a eng 
100 1 |a Čižmár, Martin  |u 046230  |k Z4  |4 aut  |U FCHPT Ústav chemického a environmentálneho inžinierstva  |T FCHPT Oddelenie chemického a biochemického inžinierstva  |X 104288  |U C6230  |Y 119  |7 104288 
242 0 1 |a Digitálne dvojča procesu priemyselnej impregnácie papiera  |y slo 
245 1 0 |a Digital Twin for Production of an Industrial Paper Impregnation Process 
260 |c 2024 
650 4 |a priemyselné sušenie  |2 slo 
650 4 |a digitálne dvojča  |2 slo 
650 4 |a termodynamický model  |2 slo 
650 4 |a industrial drying  |2 eng 
650 4 |a digital twin  |2 eng 
650 4 |a thermodynamic model  |2 eng 
700 1 |a Variny, Miroslav  |u 046230  |k Z1  |4 ths  |U FCHPT Ústav chemického a environmentálneho inžinierstva  |T FCHPT Oddelenie chemického a biochemického inžinierstva  |X 25916  |U C6230  |Y 119  |7 A000025916 
856 4 |u http://is.stuba.sk/zp/portal_zp.pl?podrobnosti=177897